Statistics for Phoenix Suns 20 Points Per Game Players

Click here to take the quiz!

General Stats

  • This quiz has been taken 76 times
    (12 since last reset)
  • The average score is 12 of 20

Answer Stats

#PlayersLast% Correct
4Charles Barkley1996
100%
8Devin Booker2024
100%
6Amar'e Stoudemire2010
92%
1Kevin Durant2024
92%
5Kevin Johnson1997
83%
2Shawn Marion2006
83%
1Eddie Johnson1989
75%
5Paul Westphal1980
75%
3Dick Van Arsdale1971
58%
1Goran Dragić2014
58%
2Tom Chambers1990
58%
5Walter Davis1987
58%
1Eric Bledsoe2017
50%
2Gail Goodrich1970
42%
1Jeff Hornacek1992
42%
2Stephon Marbury2003
42%
3Connie Hawkins1972
33%
3Charlie Scott1975
25%
2Larry Nance1987
25%
1Neal Walk1973
17%

Score Distribution

Percentile by Number Answered

Percent of People with Each Score

Your Score History

You have not taken this quiz since the last reset